000 00747nam a22002777b 4500
001 1865695
003 DO-SdBNP
005 20180226092322.0
007 1865695
008 030707s2003 sp | ||| ||spa
016 7 _a
_2BPMSU
017 _a
_b
035 _a
040 _aBPMSU
_bspa
_cBPMSU
_e
080 0 _a
100 1 _aPardina, Rosa
245 1 3 _aLa raíz de Querúa /
_h
_cRosa Pardina ; ilustraciones, Bernat Serrat
260 _aMadrid :
_bSantillana,
_c2003
300 _a[24] p.:
_bil. ;
_c 24 cm
490 _aVacunas para la vida
700 1 _aSerrat, Bernat
_eil.
830 _aVacunas para la vida
942 _2ddc
_cBK
945 _ainventariado, 2018 / dg
956 _aVMATEO
_210
_320160418
_6BPMSU
_80069
999 _c9826
_d9826